01295 2200601 4500001002100000008004100021035002000062245006200082100001900144250000600163260003300169300001200202084001400214082000800228650001300236990001200249990001200261990001200273990001200285990001200297990001200309990001200321990001200333990001200345990001200357990001200369990001200381990001200393990001200405990001200417990001200429990001200441990001200453990001200465990001200477990001200489990001200501990001200513990001200525990001200537990001200549990001200561990001200573990001200585990001200597990001200609990001200621990001200633990001200645990001200657990001200669990001200681INLIS000000000000817 ind  a0010-0524000052 aBuku Siswa Perspektif Matematika Kelas XIcRosihan Ari Y. aAri Y, Rosihan a1 aSolo :bTiga Serangkaic2016 a294 hlm a510 ROS m a510 aNonFiksi a0740739 a0740740 a0740741 a0740742 a0740743 a0740744 a0740745 a0740746 a0740747 a0740748 a0740749 a0740750 a0740751 a0740752 a0740753 a0740754 a0740755 a0740756 a0740757 a0740758 a0740759 a0740760 a0740761 a0740762 a0740763 a0740764 a0740765 a0740766 a0740767 a0740768 a0740769 a0740770 a0740771 a0740772 a0740773 a0740774 a0740775